Profiles of African-American missionaries / (Record no. 11001)

MARC details
000 -LEADER
fixed length control field 00991cam a2200289 a 4500
001 - CONTROL NUMBER
control field 16847037
003 - CONTROL NUMBER IDENTIFIER
control field GBCCL
005 - DATE AND TIME OF LATEST TRANSACTION
control field 20251110133132.0
008 - FIXED-LENGTH DATA ELEMENTS--GENERAL INFORMATION
fixed length control field 110628s2012 cau 000 0deng
020 ## - INTERNATIONAL STANDARD BOOK NUMBER
International Standard Book Number 9780878080083
035 ## - SYSTEM CONTROL NUMBER
System control number 16847037
040 ## - CATALOGING SOURCE
Original cataloging agency DLC
Transcribing agency DLC
Modifying agency DLC
082 00 - DEWEY DECIMAL CLASSIFICATION NUMBER
Classification number 266.00923
Edition information 23
Item number STE 1
245 10 - TITLE STATEMENT
Title Profiles of African-American missionaries /
Statement of responsibility, etc. edited by Robert J. Stevens, Brian Johnson.
260 ## - PUBLICATION, DISTRIBUTION, ETC.
Place of publication, distribution, etc. Pasadena, CA :
Name of publisher, distributor, etc. William Carey Library,
Date of publication, distribution, etc. c2012.
300 ## - PHYSICAL DESCRIPTION
Extent vii, 322 p. ;
Dimensions 26 cm.
336 ## - CONTENT TYPE
Content type term text
Content type code txt
Source rdacontent
337 ## - MEDIA TYPE
Media type term unmediated
Media type code n
Source rdamedia
338 ## - CARRIER TYPE
Carrier type term volume
Carrier type code nc
Source rdacarrier
650 #0 - SUBJECT ADDED ENTRY--TOPICAL TERM
Topical term or geographic name entry element African American missionaries
General subdivision History.
700 1# - ADDED ENTRY--PERSONAL NAME
Personal name Stevens, Robert J.,
Dates associated with a name 1955-
700 1# - ADDED ENTRY--PERSONAL NAME
Personal name Johnson, Brian.
906 ## - LOCAL DATA ELEMENT F, LDF (RLIN)
a 7
b cbc
c orignew
d 1
e ecip
f 20
g y-gencatlg
942 ## - ADDED ENTRY ELEMENTS (KOHA)
Source of classification or shelving scheme Dewey Decimal Classification
Koha item type Books
Suppress in OPAC No
Holdings
Withdrawn status Lost status Source of classification or shelving scheme Damaged status Not for loan Home library Current Library Shelving location Date acquired Total checkouts Full call number Barcode Date last seen Copy number Price effective from Koha item type
    Dewey Decimal Classification     GRACE BIBLE COLLEGE GRACE BIBLE COLLEGE Ministry & Mission 2025-11-10   266.00923 STE 017227 2025-11-10 c.1 2025-11-10 Books
© Grace Bible College Library 2025